Kúpele

Bibliographic Details
Format: Journal
Language:Slovak
PhysicalDescription:4 zv. 30 cm
Published: Bratislava Herba, s.r.o. 2007-2010, 2019
ISSN:1337-3455
Subjects:

MARC

LEADER 00000aas a2200000 a 4500
001 vtls009092821
003 SK-MaSNL
005 20260228160250.0
008 070910d20072019xo fr|p 0 b0slo
022 |a 1337-3455 
035 |a (SVKBB)vtls000271480 
040 |a SVKBB  |b slo  |c SVKBB  |d SAVUK  |d SNK  |e AACR2 
041 0 |a slo 
044 |a xo  |c SK 
072 7 |a 615.8  |x Fyzioterapia. Psychoterapia. Alternatívna medicína  |2 konspekt 
080 |a 615.838  |2 2011 
080 |a 338.48:613  |2 2011 
080 |a 050  |2 2011 
080 |a (051)-048.55  |2 2011 
210 0 |a Kúpele 
222 0 |a Kúpele 
245 0 0 |a Kúpele 
260 |a Bratislava  |b Herba, s.r.o.  |c 2007-2010, 2019 
300 |a 4 zv.  |c 30 cm 
310 |a 2x ročne  |b 2019- 
321 |a 6x ročne  |b 2008 
321 |a 4x ročne  |b 2007, 2009-2010 
362 0 |a Roč. 1, č. 1 (2007)-roč. 4, č. 3 (2010) ; č. 1-2 (2019) 
500 |a Podnázov v tiráži: časopis o kúpeľníctve, zdravotnom cestovnom ruchu a životnom štýle 
500 |a Podnázov: od č. 2/2007-4/2007: jediný slovenský časopis o kúpeľníctve, zdravotnom cestovnom ruchu a životnom štýle ; od č. 1-2/2008: dvojmesačník o zdravom životnom štýle ; od č. 3/2008-6/2008: dvojmesačník pre aktívny život ; od č. 1/2009-2/2010: časopis o kúpeľníctve, zdravotnom cestovnom ruchu, prevencii a medicíne ; č. 3/2010: kúpeľníctvo, zdravotný cestovný ruch, prevencia, medicína 
500 |a Redaktori sa menia 
500 |a Registrácia: MK SR 3730/2007 ; EV 3201/2009 
650 0 7 |a kúpele  |2 SNKPH  |9 1139 
650 0 7 |a kúpeľníctvo  |2 SNKPH  |9 1140 
650 0 7 |a životný štýl  |2 SNKPH  |9 1704 
650 0 7 |a Spa  |2 SNKPHeng  |9 266271 
650 0 7 |a Balneology  |2 SNKPHeng  |9 266272 
650 0 7 |a Style of life  |2 SNKPHeng  |9 265362 
655 7 |a špecializované časopisy  |2 SNKPH  |9 70509 
655 7 |a Specialized magazines  |2 SNKPHeng  |9 266103 
852 |a Štátna vedecká knižnica v Banskej Bystrici 
910 |a savuk 
910 |a snk 
916 |a 2007-2010, 2019 
999 |c 2007  |d 3937 
952 |0 0  |1 0  |4 0  |7 0  |8 0  |a SNK  |b SNK  |d 2020-11-24  |i snk2020/20875  |l 0  |o snkČSB 6901/2019  |p 17A1432836  |r 2026-02-21 19:24:10  |t č. 1-2  |w 2026-02-21  |y PREZ 
952 |0 0  |1 0  |4 0  |7 0  |8 0  |a SNK  |b SNK  |d 2024-08-19  |i snk2024/13101  |l 0  |o snkČSB 6901/2019 D1  |p 17A1524197  |r 2026-02-21 20:01:22  |t č. 1-2  |w 2026-02-21  |y PREZ 
952 |0 0  |1 0  |4 0  |7 0  |8 0  |a SNK  |b SNK  |d 2018-11-30  |i snk2018/25835  |l 0  |o snkČSB 6901/1/2007  |p 17A1341276  |r 2026-02-21 22:13:42  |t č. 1-4  |w 2026-02-21  |y PREZ 
952 |0 0  |1 0  |4 0  |7 0  |8 0  |a SNK  |b SNK  |d 2018-11-30  |i snk2018/25838  |l 0  |o snkČSB 6901/1/2007 D1  |p 17A1341275  |r 2026-02-21 22:13:42  |t č. 1-4  |w 2026-02-21  |y PREZ 
952 |0 0  |1 0  |4 0  |7 0  |8 0  |a SNK  |b SNK  |d 2018-11-30  |i snk2018/25839  |l 0  |o snkČSB 6901/2/2008  |p 17A1341274  |r 2026-02-21 22:13:42  |t č. 1-6  |w 2026-02-21  |y PREZ 
952 |0 0  |1 0  |4 0  |7 0  |8 0  |a SNK  |b SNK  |d 2018-11-30  |i snk2018/25840  |l 0  |o snkČSB 6901/2/2008 D1  |p 17A1341273  |r 2026-02-21 22:13:42  |t č. 1-6  |w 2026-02-21  |y PREZ 
952 |0 0  |1 0  |4 0  |7 0  |8 0  |a SNK  |b SNK  |d 2018-11-30  |i snk2018/25842  |l 0  |o snkČSB 6901/3/2009  |p 17A1341272  |r 2026-02-21 22:13:42  |t č. 1-4  |w 2026-02-21  |y PREZ 
952 |0 0  |1 0  |4 0  |7 0  |8 0  |a SNK  |b SNK  |d 2018-11-30  |i snk2018/25844  |l 0  |o snkČSB 6901/3/2009 D1  |p 17A1347301  |r 2026-02-21 22:13:42  |t č. 1-4, neúplné  |w 2026-02-21  |y PREZ  |z Chýba č. 2 
952 |0 0  |1 0  |4 0  |7 0  |8 0  |a SNK  |b SNK  |d 2018-11-30  |i snk2018/25845  |l 0  |o snkČSB 6901/4/2010  |p 17A1341270  |r 2026-02-21 22:13:42  |t č. 1-3  |w 2026-02-21  |y PREZ 
952 |0 0  |1 0  |4 0  |7 0  |8 0  |a SNK  |b SNK  |d 2018-11-30  |i snk2018/25853  |l 0  |o snkČSB 6901/4/2010 D1  |p 17A1341269  |r 2026-02-21 22:13:42  |t č. 1-3  |w 2026-02-21  |y PREZ